[Event "Hannover-chA"]
[Site "Lehrte"]
[Date "2010.10.10"]
[Round "4"]
[White "Fedderke, Joerg"]
[Black "Rust Bulmahn, Kornelia"]
[Result "0-1"]
[WhiteElo "1218"]
[BlackElo "878"]
[PlyCount "78"]
[EventDate "2010.10.09"]
[EventType "swiss"]
[EventRounds "7"]
[EventCountry "GER"]
[SourceTitle "EXT 2021"]
[Source "ChessBase"]
[SourceDate "2020.10.23"]
[SourceVersion "1"]
[SourceVersionDate "2020.10.23"]
[SourceQuality "1"]

1. d4 d5 2. c4 e6 3. Nc3 Bb4 4. e3 Nf6 5. a3 Bxc3+ 6. bxc3 0-0 7. Nf3 Ne4 8. Bb2 c6 9. c5 f6 10. Bd3 f5 11. Bxe4 fxe4 12. Ne5 Qf6 13. 0-0 Nd7 14. f4 Qh4 15. Qe2 Nf6 16. Qf2 Qh6 17. h3 Nd7 18. Qe2 a5 19. Rf2 b6 20. cxb6 Nxb6 21. Nxc6 Ba6 22. Qd2 Nc4 23. Qc1 Qf6 24. Ne5 Rab8 25. Nd7 Qh4 26. Nxb8 Rxb8 27. a4 Qg3 28. Re2 h6 29. Re1 Rxb2 30. Qxb2 Nxb2 31. Rec1 Nd3 32. Rc2 Qxe3+ 33. Kh1 Nxf4 34. Kh2 Nh5 35. Kh1 Qg3 36. Kg1 Nf4 37. Kh1 e3 38. Rb2 e2 39. Rb8+ Kh7 0-1